000 00547nam a2200217Ia 4500
003 OSt
005 20220924133114.0
006 a|||||r|||| 00| 0
007 ta
008 220923b |||||||| |||| 00| 0 ben d
024 _a257494
037 _cTextual
040 _aARTS
_cARTS
_bben
041 _2ben
_aben
082 _aO157:g(Y15), M7
100 _aMitra Ganesh
_9205655
245 0 _aNari jagriti o Bangla sahitya
260 _c1987
942 _hO157:g(Y15), M7
_cTEXL
_2CC
999 _c432625
_d432625